| 000 | 00986nam a2200277Ia 4500 | ||
|---|---|---|---|
| 008 | 170203s9999 xx 000 0 und d | ||
| 020 | _a9789810697075 | ||
| 050 | _a664.02 | ||
| 050 | _b.L116o 2009 | ||
| 100 | _aLabensky, Sarah R. | ||
| 245 | _aOn baking : | ||
| 245 | _ba textbook of baking and pastry fundamentals / | ||
| 245 | _c Sarah R. Labensky, with Priscilla Martel [and] Eddy Van Damme ; photographs by Richard Embery ; drawings by Stacey Winters Quattrone and William E. Ingram. | ||
| 250 | _aSecond Edition. | ||
| 260 | _aUpper Saddle River, N.J. : | ||
| 260 | _bPearson/Prentice Hall, | ||
| 260 | _c2009 | ||
| 300 | _axxx, 830 page : | ||
| 300 | _b ill. (some col.) ; | ||
| 300 | _c29 cm. | ||
| 500 | _aPrevious ed. published with main entry under the heading for title. Includes bibliographical references and indexes. | ||
| 650 | _a Pastry. | ||
| 650 | _aBaking. | ||
| 700 | _aMartel, Priscilla, author. | ||
| 700 | _aVan Damme, Eddy, author. | ||
| 999 |
_c305479 _d305479 |
||